Library Logo

Pioneer International University Library Catalogue

Current diagnosis & treatment (Record no. 1859)

MARC details
000 -LEADER
fixed length control field 00305nam a22000977a 4500
005 - DATE AND TIME OF LATEST TRANSACTION
control field 20250901165313.0
008 - FIXED-LENGTH DATA ELEMENTS--GENERAL INFORMATION
fixed length control field 210308b ||||| |||| 00| 0 eng d
050 ## - LIBRARY OF CONGRESS CALL NUMBER
Classification number RG101
245 ## - TITLE STATEMENT
Title Current diagnosis & treatment
Remainder of title obstetrics & gynecology
Statement of responsibility, etc. DECHERNEY, ALAN H.
942 ## - ADDED ENTRY ELEMENTS (KOHA)
Source of classification or shelving scheme Library of Congress Classification
Classification part RG101 .D43 2007
Holdings
Withdrawn status Lost status Source of classification or shelving scheme Damaged status Not for loan Home library Current library Shelving location Date acquired Total checkouts Full call number Barcode Date last seen Price effective from Koha item type
    Library of Congress Classification     Main Library Main Library   03/08/2021   RG101 .D43 2007 PIU0000227 03/08/2021 03/08/2021 Books